书目信息 |
| 题名: |
山东名菜
|
|
| 作者: | 任京华 , 王冰 主编 | |
| 分册: | ||
| 出版信息: | 北京 中国轻工业出版社 1999 |
|
| 页数: | 218页 | |
| 开本: | 20cm | |
| 丛书名: | 新概念中华名菜谱丛书 | |
| 单 册: | ||
| 中图分类: | TS972.1 , TS972.182.52 | |
| 科图分类: | ||
| 主题词: | 菜谱--山东 | |
| 电子资源: | ||
| ISBN: | 7-5019-2480-5 | |
| 000 | 00869nam2 2200289 450 | |
| 001 | 073000002012 | |
| 005 | 20091114160800.85 | |
| 010 | @a7-5019-2480-5@dCNY18.00 | |
| 100 | @a20040226d em y0chiy0120 ea | |
| 101 | 0 | @achi |
| 102 | @aCN@b110000 | |
| 105 | @af z 001yy | |
| 200 | 1 | @a山东名菜@Ashan dong ming cai@f任京华,王冰主编@Fren jing hua,wang bing zhu bian |
| 210 | @a北京@c中国轻工业出版社@d1999 | |
| 215 | @a218页@c照片@d20cm | |
| 225 | 2 | @a新概念中华名菜谱丛书 |
| 410 | 0 | @12001 @a新概念中华名菜谱丛书 |
| 606 | @a菜谱@y山东 | |
| 690 | @aTS972.1@v3 | |
| 690 | @aTS972.182.52@v4 | |
| 701 | 0 | @a任京华@Aren jing hua@4主编 |
| 701 | 0 | @a王冰@Awang bing@4主编 |
| 801 | 2 | @aCN@bHX@c20091114 |
| 905 | @aBZT@dTS972.182.52@e1 | |
| 906 | @dCNY18.00@n0@r1 | |
| 989 | @a12@c17 | |
| 999 | @tC@Axiuxia@a20040226 13:19:15@Ixiuxia@i20040226 13:19:22 | |
| 山东名菜/任京华,王冰主编.-北京:中国轻工业出版社,1999 |
| 218页:照片;20cm.-(新概念中华名菜谱丛书) |
| ISBN 7-5019-2480-5:CNY18.00 |
| ● |
| 相关链接 |
|
|
|
正题名:山东名菜
索取号:TS972.182.52/1
 
预约/预借
| 序号 | 登录号 | 条形码 | 馆藏地/架位号 | 状态 | 备注 |
| 1 | 424371 | 210525083 | 中心书库中库/ 中库024架A面1列6层11/ [索取号:TS972.182.52/1] | 在馆 | |
| 2 | 424373 | 210525065 | 中心书库中库/ 中库024架A面1列6层64/ [索取号:TS972.182.52/1] | 在馆 | |
| 3 | 424376 | 210525038 | 中心书库中库/ 中库024架A面1列6层16/ [索取号:TS972.182.52/1] | 在馆 | |
| 4 | 424377 | 210525029 | 中心书库中库/ 中库024架A面4列2层71/ [索取号:TS972.182.52/1] | 在馆 | |
| 5 | 424378 | 210525010 | 中心书库中库/ 中库024架A面1列6层63/ [索取号:TS972.182.52/1] | 在馆 | |
| 6 | 424379 | 210525001 | 中心书库中库/ 中库024架A面1列6层62/ [索取号:TS972.182.52/1] | 在馆 | |
| 7 | 424380 | 210524994 | 中心书库中库/ 中库024架A面1列6层66/ [索取号:TS972.182.52/1] | 在馆 |